000
00384nam a2200145Ia 4500
008
230718s9999 xx 000 0 und d
041
_a
Eng.
082
_a
82
_b
بٹا-چ
100
_a
بٹالوی ، عاشق حسین
245
0
_a
چند یادیں چند نا کر آن
260
_a
Pakistan
_b
سنگ میل ہلے گنز
_c
1834
300
_a
357
650
_a
Law
999
_c
28819
_d
28819